000 00705nam a22001817a 4500
999 _c372243
_d372243
008 201127b ||||| |||| 00| 0 eng d
040 _aDE-2950
_bger
_cDE-2950
_erda
041 _ager
245 _a"Freigeister" äußern sich zu Vorwürfen.
_bFlyer. Der Staatsschutz ermittelt, nachdem drei Männer Schüler bedrängt haben sollen. Die Gruppe will nun selbst Anzeige erstatten.
264 _c2023
653 _aFrankfurt (Oder)
653 _aKriminalität
773 _dFrankfurt (Oder) Märkisches Verlags- und Druckhaus GmbH & Co KG
_tMärkische Oderzeitung
_g34. Jahrgang (2023) Nr. 43 vom 20.02.2023, S.14
942 _cA